000 00628nam a2200241 i 4500
001 12264
003 ES-MaACL
005 20230906150257.0
007 t|
008 921127s1991 sp ||||0| gao d
016 7 _zSIC92009736
020 _a84-7492-510-X
040 _aSIC
_bspa
_cSIC
080 _a869.9-1"19"
100 1 _aVillalta, Luisa.
_9114983
245 1 0 _aMúsica reservada /
_cLuísa Villalta.
260 _aA Coruña :
_bEdiciós do Castro,
_cD.L. 1991.
300 _a120 p ;
_c17 cm.
490 1 _aPoesía
830 0 _aPoesía
_9177794
852 _aES-MaACL
_jL-19608
_bR.122270
999 _c12264
_d12264